Marxism and alienation : A symposium
Đã lưu trong:
| Tác giả chính: | |
|---|---|
| Định dạng: | Sách |
| Ngôn ngữ: | Undetermined |
| Được phát hành: |
New York
Humanties Press
1965
|
| Những chủ đề: | |
| Các nhãn: |
Thêm thẻ
Không có thẻ, Là người đầu tiên thẻ bản ghi này!
|
| Thư viện lưu trữ: | Trung tâm Học liệu Trường Đại học Cần Thơ |
|---|
| LEADER | 00548nam a2200205Ia 4500 | ||
|---|---|---|---|
| 001 | CTU_99249 | ||
| 008 | 210402s9999 xx 000 0 und d | ||
| 082 | |a 302.544 | ||
| 082 | |b A655 | ||
| 100 | |a Aptheker, Herbert | ||
| 245 | 0 | |a Marxism and alienation : | |
| 245 | 2 | |b A symposium | |
| 245 | 0 | |c Herbert Aptheker | |
| 260 | |a New York | ||
| 260 | |b Humanties Press | ||
| 260 | |c 1965 | ||
| 650 | |a Alienation (philosophy),Philosophy, marxist | ||
| 650 | |x History | ||
| 904 | |i Truc | ||
| 980 | |a Trung tâm Học liệu Trường Đại học Cần Thơ | ||